000 01700 a2200205 4500
001 56779
005 20260407155831.0
008 260407a2004 arg spa d
003 AR-UNSa-BCEJYS
040 _aAR-UNSa-BCEJYS
_bspa
_cAR-UNSa-BCEJYS
080 _a330.567.28
_xEconomía y Finanzas de los particulares
245 1 0 _aGuía para Invertir
_pEn qué invierten los ricos ¡ a diferencia de las media y pobre !
020 _a987-04-0005-1
264 1 _aBuenos Aires :
_bAguilar
_c2004
300 _a613 p.
_c24 cm.
505 _a1. ¿En qué debo invertir? – 2. Forjando los cimientos de la riqueza – 3. La elección – 4. ¿Qué clase de mundo ve usted? – 5. ¿Por qué es desconcertante invertir? – 6.La inversión es un plan – 7. ¿Está planificado para ser rico? – 8. Volverse rico es un proceso – 9. ¿Cómo puede encontrar el plan correcto para usted? – 10. Decida ahora que quiere ser cuando crezca – 11. Cada plan tiene un precio – 12. Porque invertir no es un riesgo – 13. ¿De qué lado de la mesa quiere sentarse? – 14. Las reglas básicas de la inversión – 15.Disminuya el riesgo por medio de la educación financiera – 16. La educación financiera me hizo ser sencillo – 17. La magia de los errores – 18. ¿Cuál es el precio de volverse rico? – 19. El acertijo 90-10 – 20. Resolver el acertijo 90-10 – 21. Las categorías de los inversionistas de mi padre rico – 22. El inversionista acelerado – 23. El inversionista calificado – 24. El inversionista sofisticado – 25. El inversionista interno – 26. El inversionista consumado
942 _cBK
590 _aniveau_biblio:m niveau_hierar:0
100 1 _aKiyosaki, Robert T.
999 _c6043
_d6043